00662 2200241 4500001002100000005001500021035002000036007000300056008004100059020002200100082001000122084001600132100002300148245007800171250001000249260003600259300003500295700002300330700002000353504002500373990001100398990001100409INLIS00000000000790420210401014045 a0010-0421000048ta210401 g 0 ind  a978-602-8453-50-9 a746.5 a746.5 IRA s0 aIRA, Dhyani indira1 aSulam Pita Modern /cIra Dhyani indira, Halina Abdul Hadi, Marlina Rahmat acet.1 aJakarta :bKriya Pustaka,c2012 aiv, 81 hal. :bilus. ;c23 cm.0 aHALINA, Abdul Hadi0 aMARLINA, Rahmat aBibliografi : hal.81 a3363 a a3363 b